000 00419nam a2200181Ia 4500
003 GCL
008 140319s9999 xx 000 0 eng d
040 _aGCL /
_cGCL
082 0 4 _a005.3
_bB U
100 1 _aBOTT, E.D
245 1 0 _aUSING WINDOWS 95 /
_cBOTT, E.D
260 _a[S.N] :
_bQUE
300 _a486
650 0 4 _aCOMPUTER - PROGRAMMERS
650 0 4 _aWINDOWS 95
650 0 4 _aSOFT WARE
942 _2ddc
_cBK
999 _c10375
_d10375